Đánh giá hiện trạng và xây dựng bản đồ chất lượng môi trường đất, nước ở khu bảo tồn loài - sinh cảnh xã Phú Mỹ, huyện Giang Thành, tỉnh Kiên Giang : Luận văn tốt nghiệp Cao học. Chuyên ngành Quản lý tài nguyên và Môi trường
Đánh giá chất lượng môi trường đất và nước tại khu bảo tồn loài - sinh cảnh Phú Mỹ, xây dựng bản đồ và đề xuất giải pháp quản lý môi trường đất và nước tại khu bảo tồn.
Bewaard in:
| Hoofdauteur: | |
|---|---|
| Formaat: | Boek |
| Taal: | Undetermined |
| Gepubliceerd in: |
Cần Thơ
Trường Đại học Cần Thơ
2018
|
| Onderwerpen: | |
| Tags: |
Voeg label toe
Geen labels, Wees de eerste die dit record labelt!
|
| Thư viện lưu trữ: | Trung tâm Học liệu Trường Đại học Cần Thơ |
|---|
| LEADER | 01309nam a2200217Ia 4500 | ||
|---|---|---|---|
| 001 | CTU_228134 | ||
| 008 | 210402s9999 xx 000 0 und d | ||
| 082 | |a 333.95 | ||
| 082 | |b T305 | ||
| 088 | |a 8850101 | ||
| 100 | |a Khả, Thị Kiều Tiên | ||
| 245 | 0 | |a Đánh giá hiện trạng và xây dựng bản đồ chất lượng môi trường đất, nước ở khu bảo tồn loài - sinh cảnh xã Phú Mỹ, huyện Giang Thành, tỉnh Kiên Giang : | |
| 245 | 0 | |b Luận văn tốt nghiệp Cao học. Chuyên ngành Quản lý tài nguyên và Môi trường | |
| 245 | 0 | |c Khả Thị Kiều Tiên ; Dương Văn Ni (Cán bộ hướng dẫn) | |
| 260 | |a Cần Thơ | ||
| 260 | |b Trường Đại học Cần Thơ | ||
| 260 | |c 2018 | ||
| 520 | |a Đánh giá chất lượng môi trường đất và nước tại khu bảo tồn loài - sinh cảnh Phú Mỹ, xây dựng bản đồ và đề xuất giải pháp quản lý môi trường đất và nước tại khu bảo tồn. | ||
| 650 | |a Conservation of natural resource,Bảo tồn nguồn tài nguyên thiên nhiên | ||
| 910 | |b nthai | ||
| 980 | |a Trung tâm Học liệu Trường Đại học Cần Thơ | ||